000 01629nam a2200385 c 4500
999 _c188863
_d188863
003 BLK
005 20250620121224.0
008 180411b bul|||||r ||||||| ||bul||
010 _aKNG00197882000
020 _a978-954-660-020-2
040 _aBLK
041 _aBUL
_cBUL
072 7 _2bullib
_aН85
_xДетска художествена литература Н
080 _aЛитература на отделни езици и езикови семейства
_b821
_x-93-34
_z821-93-34
139 _aВълкът и седемте козлета и други приказки
_bВ 93
245 1 0 _aВълкът и седемте козлета и други приказки
_cил. Олег Топалов.
257 _aSB
260 _bПАН
_c2011
_fСофия : Циан
300 _a16 с.
_bс цв. ил.
_c24 см
380 _aDX
490 1 _aМога сам да чета
500 _aКор. опис. - Името на ил. отбелязано в изд. каре. - Съдърж. : Мечката и лошата дума ; Глупавият тигър ; Котарак и мишки ; Магарето и вълкът.
653 _aприказки
653 _aлитература за деца
653 _aдетска литература
659 _aН
700 1 _aТопалов, Олег
_eил.
_9371565
852 _aЦб 283413
856 4 _qpdf
856 4 _qpdf
942 _cKNG
_n0
_014
_s1
944 _aCR
_c12.12.2016
_lБояна Костадинова
_k30551
944 _aED
_c08.01.2018
_lф /
_kЛюдмила_Стоянова
999 _d188863